[Event "19. Obert Int. Sant Marti 2017"]
[Site "Barcelona ESP"]
[Date "2017.07.18"]
[Round "6.14"]
[White "Vassallo Barroche, Mauricio"]
[Black "Moksh, Amit Doshi"]
[Result "1/2-1/2"]
[WhiteElo "2376"]
[BlackElo "2154"]
[PlyCount "135"]
[EventDate "2017.07.13"]
[EventType "swiss"]
[EventRounds "9"]
[EventCountry "ESP"]
[SourceTitle "Ajedrez en Madrid"]
[Source "lmi"]
[SourceDate "2017.07.13"]
[SourceVersion "1"]
[SourceVersionDate "2019.06.21"]
[SourceQuality "1"]

1. Nf3 Nf6 2. g3 d5 3. Bg2 g6 4. O-O Bg7 5. d3 O-O 6. Nbd2 c5 7. e4 Nc6 8. Re1
e5 9. c3 Re8 10. Qb3 d4 11. Nc4 h6 12. cxd4 cxd4 13. Bd2 Rb8 14. a4 Be6 15.
Rec1 Nd7 16. Qd1 Qe7 17. Ne1 Rec8 18. f4 f6 19. f5 gxf5 20. exf5 Bxf5 21. Qh5
Qe6 22. Bxh6 Ne7 23. Bxg7 Kxg7 24. Qe2 Nc5 25. Nd2 Nd5 26. Ndf3 Ne3 27. Nh4 Bh7
28. b4 Nb3 29. Rxc8 Rxc8 30. Rb1 Nc1 31. Qh5 Nxd3 32. Nxd3 Bxd3 33. Re1 Rh8 34.
Qf3 e4 35. Qf4 Qe5 36. Qf2 Ng4 37. Qf5 Rxh4 38. Qd7+ Kh6 39. Qc8 Rxh2 40. Qxg4
f5 41. Qg8 Rh5 42. Qf8+ Qg7 43. Qd6+ Kh7 44. Rc1 Rh6 45. Qf4 Rf6 46. Rc7 Rf7
47. Qh4+ Kg6 48. Rc8 Qh6 49. Rg8+ Rg7 50. Rxg7+ Qxg7 51. Qd8 Bc4 52. g4 Be6 53.
Qd6 Qf6 54. gxf5+ Bxf5 55. Qg3+ Qg5 56. Qd6+ Qf6 57. Qg3+ Kf7 58. Qc7+ Qe7 59.
Qc4+ Qe6 60. Qxd4 Qb6 61. Qxb6 axb6 62. Kf2 Ke6 63. Ke3 Ke5 64. a5 b5 65. Bf1
Bd7 66. Be2 Bc6 67. Bf1 Kd5 68. Be2 1/2-1/2

[Event "19. Obert Int. Sant Marti 2017"]
[Site "Barcelona ESP"]
[Date "2017.07.18"]
[Round "6.15"]
[White "Ryan, Joseph"]
[Black "Karim, Ismael"]
[Result "0-1"]
[WhiteElo "2284"]
[BlackElo "2361"]
[PlyCount "114"]
[EventDate "2017.07.13"]
[EventType "swiss"]
[EventRounds "9"]
[EventCountry "ESP"]
[SourceTitle "Ajedrez en Madrid"]
[Source "lmi"]
[SourceDate "2017.07.13"]
[SourceVersion "1"]
[SourceVersionDate "2019.06.21"]
[SourceQuality "1"]

1. d4 d6 2. e4 Nf6 3. Nc3 g6 4. f4 Bg7 5. Nf3 O-O 6. e5 dxe5 7. dxe5 Nh5 8.
Qxd8 Rxd8 9. Bc4 Bh6 10. g3 Nc6 11. Kf2 Ng7 12. Ne4 Na5 13. Bd3 b6 14. Bd2 Nc6
15. Bc3 Be6 16. h4 Nf5 17. h5 Bg7 18. Neg5 Bd5 19. hxg6 hxg6 20. Bxf5 gxf5 21.
Rag1 f6 22. exf6 exf6 23. Nh7 Kf7 24. g4 fxg4 25. Rxg4 Rg8 26. Rhg1 Ne7 27. Nh4
Be6 28. R4g3 Rad8 29. f5 Bc8 30. Rxg7+ Rxg7 31. Rxg7+ Kxg7 32. Nxf6 Kf7 33. Ne4
Bxf5 34. Ng5+ Ke8 35. Nxf5 Nxf5 36. Ne6 Rd7 37. Kf3 Ke7 38. Nf4 Rd1 39. Nd3 Rh1
40. Ke4 Nd6+ 41. Kd5 Kd7 42. Ne5+ Kc8 43. Nc6 Rd1+ 44. Ke6 Nb5 45. Be5 Kb7 46.
Nb4 Nd4+ 47. Kd5 Nxc2+ 48. Kc4 Nxb4 49. Kxb4 c5+ 50. Kb3 Re1 51. Bg7 Re3+ 52.
Kc2 Kc6 53. a3 b5 54. Bf6 a5 55. Bg7 a4 56. Bf8 Kd5 57. b4 axb3+ 0-1

[Event "19. Obert Int. Sant Marti 2017"]
[Site "Barcelona ESP"]
[Date "2017.07.18"]
[Round "6.16"]
[White "Yao, Lan"]
[Black "Tissir, Mohamed"]
[Result "0-1"]
[WhiteElo "2273"]
[BlackElo "2354"]
[PlyCount "76"]
[EventDate "2017.07.13"]
[EventType "swiss"]
[EventRounds "9"]
[EventCountry "ESP"]
[SourceTitle "Ajedrez en Madrid"]
[Source "lmi"]
[SourceDate "2017.07.13"]
[SourceVersion "1"]
[SourceVersionDate "2019.06.21"]
[SourceQuality "1"]

1. e4 c5 2. Nf3 Nc6 3. d4 cxd4 4. Nxd4 Qb6 5. Nb3 Nf6 6. Nc3 e6 7. Be3 Qc7 8.
Bd3 a6 9. f4 d6 10. O-O b5 11. Qf3 Bb7 12. Rae1 Be7 13. Qh3 h5 14. Kh1 Ng4 15.
Bg1 g5 16. Be2 O-O-O 17. a4 b4 18. Nd5 exd5 19. exd5 Nb8 20. Bxg4+ hxg4 21.
Qxg4+ Qd7 22. Qd1 Rde8 23. Re4 Qf5 24. Rc4+ Kd7 25. Nd4 Qxd5 26. Qg4+ f5 27.
Nxf5 Qxc4 28. Nd4+ Kc7 29. Ne6+ Kc6 30. Nd4+ Kc7 31. Ne6+ Kc6 32. Nd4+ Kb6 33.
Ne6+ Ka5 34. Qf5+ Qd5 35. fxg5 Nd7 36. Nd4 Nc5 37. Nb3+ Nxb3 38. cxb3 Ref8 0-1

[Event "19. Obert Int. Sant Marti 2017"]
[Site "Barcelona ESP"]
[Date "2017.07.18"]
[Round "6.17"]
[White "Fenil, Shah"]
[Black "Gutierrez Olivares, Daniel"]
[Result "1-0"]
[WhiteElo "2267"]
[BlackElo "2352"]
[PlyCount "103"]
[EventDate "2017.07.13"]
[EventType "swiss"]
[EventRounds "9"]
[EventCountry "ESP"]
[SourceTitle "Ajedrez en Madrid"]
[Source "lmi"]
[SourceDate "2017.07.13"]
[SourceVersion "1"]
[SourceVersionDate "2019.06.21"]
[SourceQuality "1"]

1. e4 e6 2. d4 d5 3. Nd2 Be7 4. Ngf3 Nf6 5. Bd3 c5 6. dxc5 O-O 7. Qe2 a5 8. a4
Na6 9. Nb3 dxe4 10. Bxe4 Nxe4 11. Qxe4 Nxc5 12. Nxc5 Bxc5 13. O-O Qb6 14. Ng5
f5 15. Qh4 h6 16. Nf3 Bd6 17. Qh5 Qc7 18. Rd1 Ra6 19. Nd4 Bc5 20. Nb5 Qe7 21.
Re1 Bd7 22. Bf4 Rb6 23. c4 Be8 24. Qe2 Qh4 25. Be3 Bh5 26. f3 Rc8 27. Bxc5 Rxc5
28. Qe3 Rbc6 29. Nd4 Rd6 30. Nxe6 Rxc4 31. Qe5 Rd7 32. Qb8+ Kf7 33. Qf8+ Kg6
34. Qe8+ Rf7 35. Nf8+ Kg5 36. Qd8+ Rf6 37. Qd2+ Qf4 38. Nh7+ Kg6 39. Qxf4 Rxf4
40. Nxf6 Kxf6 41. Rad1 Rxa4 42. Rd6+ Kg5 43. Re7 Rb4 44. Rxg7+ Kf4 45. Rxh6
Rxb2 46. Rxh5 b5 47. Rf7 Ke3 48. Re7+ Kd3 49. Rxf5 a4 50. Ra7 Kc4 51. h4 Rb4
52. Rf4+ 1-0

[Event "19. Obert Int. Sant Marti 2017"]
[Site "Barcelona ESP"]
[Date "2017.07.18"]
[Round "6.18"]
[White "Gonzales, Jayson"]
[Black "Blasco Coll, Andreu"]
[Result "1/2-1/2"]
[WhiteElo "2399"]
[BlackElo "2144"]
[PlyCount "84"]
[EventDate "2017.07.13"]
[EventType "swiss"]
[EventRounds "9"]
[EventCountry "ESP"]
[SourceTitle "Ajedrez en Madrid"]
[Source "lmi"]
[SourceDate "2017.07.13"]
[SourceVersion "1"]
[SourceVersionDate "2019.06.21"]
[SourceQuality "1"]

1. d4 d5 2. c4 c6 3. Nf3 Nf6 4. Nc3 e6 5. Bg5 dxc4 6. e4 b5 7. e5 h6 8. Bh4 g5
9. Nxg5 hxg5 10. Bxg5 Nbd7 11. exf6 Qb6 12. g3 Bb7 13. Bg2 O-O-O 14. O-O c5 15.
d5 b4 16. Na4 Qb5 17. dxe6 Bxg2 18. e7 Bxf1 19. exd8=Q+ Kxd8 20. Kxf1 Qc6 21.
h4 Kc8 22. f3 Bh6 23. Bxh6 Rxh6 24. Kg1 Ne5 25. f4 Rg6 26. Qe2 Rxg3+ 27. Kh2
Re3 28. Qg2 Nf3+ 29. Kh1 Qe6 30. Rf1 Qd5 31. Nxc5 Qxc5 32. Qg8+ Kb7 33. Qxf7+
Kb6 34. Qd7 Nxh4 35. Rd1 Qc6+ 36. Qxc6+ Kxc6 37. f7 Ng6 38. f5 Rh3+ 39. Kg1 Nf8
40. Rd8 Rh8 41. Kf2 a5 42. Ke3 Kc5 1/2-1/2

[Event "19. Obert Int. Sant Marti 2017"]
[Site "Barcelona ESP"]
[Date "2017.07.18"]
[Round "6.19"]
[White "Rizouk, Aimen"]
[Black "Glimbrant, Torbjorn"]
[Result "1/2-1/2"]
[WhiteElo "2472"]
[BlackElo "2238"]
[PlyCount "71"]
[EventDate "2017.07.13"]
[EventType "swiss"]
[EventRounds "9"]
[EventCountry "ESP"]
[SourceTitle "Ajedrez en Madrid"]
[Source "lmi"]
[SourceDate "2017.07.13"]
[SourceVersion "1"]
[SourceVersionDate "2019.06.21"]
[SourceQuality "1"]

1. e4 e6 2. d4 d5 3. Nd2 c5 4. Ngf3 a6 5. exd5 exd5 6. dxc5 Bxc5 7. Nb3 Bb6 8.
Bd3 Qe7+ 9. Be2 Nf6 10. O-O O-O 11. Bg5 Nc6 12. c3 Re8 13. Re1 Bxf2+ 14. Kxf2
Ne4+ 15. Kf1 Nxg5 16. Qxd5 Nxf3 17. Bxf3 Be6 18. Qd2 Qc7 19. Kg1 Ne5 20. Nd4
Nxf3+ 21. Nxf3 Qb6+ 22. Nd4 h6 23. Re3 Bd7 24. Rg3 Re4 25. Qf2 Qd6 26. Rf1 Qe7
27. Qd2 Kh8 28. Rgf3 f6 29. Rf4 Re8 30. Rxe4 Qxe4 31. a3 Bg4 32. Qf4 Bd7 33.
Qxe4 Rxe4 34. Rf2 g5 35. Rd2 Kg7 36. Nf3 1/2-1/2

[Event "19. Obert Int. Sant Marti 2017"]
[Site "Barcelona ESP"]
[Date "2017.07.18"]
[Round "6.20"]
[White "Eggleston, David J"]
[Black "Sama Salinas, Hector"]
[Result "1/2-1/2"]
[WhiteElo "2394"]
[BlackElo "2205"]
[PlyCount "54"]
[EventDate "2017.07.13"]
[EventType "swiss"]
[EventRounds "9"]
[EventCountry "ESP"]
[SourceTitle "Ajedrez en Madrid"]
[Source "lmi"]
[SourceDate "2017.07.13"]
[SourceVersion "1"]
[SourceVersionDate "2019.06.21"]
[SourceQuality "1"]

1. e4 g6 2. d4 Bg7 3. Nc3 c6 4. Nf3 d5 5. h3 Nf6 6. e5 Ne4 7. Nxe4 dxe4 8. Ng5
c5 9. d5 Bxe5 10. Nxe4 Nd7 11. c3 O-O 12. Bg5 Re8 13. Be2 Qc7 14. O-O Nb6 15.
f4 Bg7 16. d6 exd6 17. Nxd6 Rxe2 18. Qxe2 Qxd6 19. Rad1 Qe6 20. Rd8+ Bf8 21.
Qf3 Bd7 22. Rxa8 Nxa8 23. Qxb7 Bc6 24. Qxa7 Qe3+ 25. Rf2 Qe1+ 26. Rf1 Qe3+ 27.
Rf2 Qe1+ 1/2-1/2

[Event "19. Obert Int. Sant Marti 2017"]
[Site "Barcelona ESP"]
[Date "2017.07.18"]
[Round "6.21"]
[White "Morales, Jhon Alexander"]
[Black "Mendonca, Leon Luke"]
[Result "1-0"]
[WhiteElo "2355"]
[BlackElo "2222"]
[PlyCount "83"]
[EventDate "2017.07.13"]
[EventType "swiss"]
[EventRounds "9"]
[EventCountry "ESP"]
[SourceTitle "Ajedrez en Madrid"]
[Source "lmi"]
[SourceDate "2017.07.13"]
[SourceVersion "1"]
[SourceVersionDate "2019.06.21"]
[SourceQuality "1"]

1. e4 c5 2. Nc3 Nc6 3. Bb5 Nd4 4. Bc4 g6 5. Nge2 Bg7 6. O-O d6 7. Nxd4 cxd4 8.
Ne2 Nf6 9. d3 Qb6 10. a4 O-O 11. Qe1 e5 12. c3 dxc3 13. Nxc3 Be6 14. a5 Qc6 15.
Bb5 Qc7 16. a6 d5 17. Bg5 bxa6 18. Bxa6 d4 19. Nb5 Qb6 20. Qa5 Rab8 21. Nc7 h6
22. Nxe6 fxe6 23. Qxb6 Rxb6 24. Bc1 Rf7 25. Bc4 Rc7 26. b3 Bf8 27. Bd2 Bb4 28.
Bxh6 Bc3 29. Ra2 Nd7 30. Bg5 Rcb7 31. f4 exf4 32. Bxf4 Nc5 33. Be5 Nd7 34. Bg3
a5 35. Raf2 Nc5 36. Rf8+ Kh7 37. Be5 g5 38. Rh8+ Kg6 39. Rf6+ Kg7 40. Rff8+ Kg6
41. Rfg8+ Kf7 42. Rg7# 1-0

[Event "19. Obert Int. Sant Marti 2017"]
[Site "Barcelona ESP"]
[Date "2017.07.18"]
[Round "6.22"]
[White "Perpinya Rofes, Lluis Maria"]
[Black "Perales Galindo, Eduard"]
[Result "1-0"]
[WhiteElo "2352"]
[BlackElo "2185"]
[PlyCount "83"]
[EventDate "2017.07.13"]
[EventType "swiss"]
[EventRounds "9"]
[EventCountry "ESP"]
[SourceTitle "Ajedrez en Madrid"]
[Source "lmi"]
[SourceDate "2017.07.13"]
[SourceVersion "1"]
[SourceVersionDate "2019.06.21"]
[SourceQuality "1"]

1. e4 c5 2. Nf3 d6 3. d4 cxd4 4. Nxd4 Nf6 5. Nc3 g6 6. Be3 Bg7 7. f3 Nc6 8. Bc4
O-O 9. Bb3 Bd7 10. h4 h5 11. Qd2 Rc8 12. O-O-O Ne5 13. Bg5 Rc5 14. Kb1 b5 15.
g4 hxg4 16. h5 Nxh5 17. Nd5 Re8 18. Rxh5 gxh5 19. Qh2 Rxd5 20. Bxd5 Qb6 21. Nf5
Bxf5 22. exf5 Nxf3 23. Qxh5 Nxg5 24. Qxg5 Qc5 25. Qxg4 Qe3 26. Qh5 e6 27. fxe6
Rxe6 28. Bxe6 Qxe6 29. Qxb5 Qe5 30. Qxe5 Bxe5 31. c4 Kg7 32. Rd5 Kf6 33. Kc2
Ke6 34. b4 f5 35. Kd3 Bg3 36. a4 Bf2 37. Rb5 f4 38. Ke4 Be3 39. Rb7 Bd2 40. a5
f3 41. Kxf3 Ke5 42. Ke2 1-0

[Event "19. Obert Int. Sant Marti 2017"]
[Site "Barcelona ESP"]
[Date "2017.07.18"]
[Round "6.23"]
[White "Escalante Ramirez, Brian Sebas"]
[Black "Abhilash, Reddy M.L."]
[Result "1-0"]
[WhiteElo "2340"]
[BlackElo "2133"]
[PlyCount "117"]
[EventDate "2017.07.13"]
[EventType "swiss"]
[EventRounds "9"]
[EventCountry "ESP"]
[SourceTitle "Ajedrez en Madrid"]
[Source "lmi"]
[SourceDate "2017.07.13"]
[SourceVersion "1"]
[SourceVersionDate "2019.06.21"]
[SourceQuality "1"]

1. e4 c5 2. Nf3 d6 3. d4 cxd4 4. Qxd4 Nc6 5. Bb5 Bd7 6. Bxc6 Bxc6 7. Nc3 Nf6 8.
Bg5 e6 9. O-O-O Be7 10. Rhe1 Qa5 11. Kb1 O-O 12. Qd2 Qa6 13. Nd4 Rac8 14. f3
Rfd8 15. g4 b5 16. Nce2 Qb7 17. Ng3 Ne8 18. h4 Rd7 19. Bxe7 Rxe7 20. g5 Rec7
21. h5 Bd7 22. Rc1 b4 23. Rh1 a5 24. g6 h6 25. gxf7+ Kxf7 26. f4 Rc4 27. e5 Qd5
28. Rhd1 a4 29. Qf2 Kg8 30. Ndf5 Qc5 31. Qxc5 R8xc5 32. Nxd6 Rxf4 33. Nde4 Rd5
34. Rxd5 exd5 35. Nc5 Bb5 36. Ne6 Rg4 37. Nf5 Bd7 38. Nexg7 Rxg7 39. Nxg7 Nxg7
40. Rd1 Be6 41. Rd4 Nxh5 42. Rh4 Bf7 43. Rxb4 Be8 44. b3 axb3 45. cxb3 Ng7 46.
a4 Nf5 47. a5 Ne7 48. a6 Nc6 49. Rb7 h5 50. a7 Nxa7 51. Rxa7 h4 52. Kb2 h3 53.
Ra1 d4 54. Rh1 Bd7 55. b4 Kf7 56. b5 Ke7 57. b6 Kd8 58. Rc1 Bc8 59. Rd1 1-0

[Event "19. Obert Int. Sant Marti 2017"]
[Site "Barcelona ESP"]
[Date "2017.07.18"]
[Round "6.24"]
[White "Debarshi, Mukherjee"]
[Black "Gardela Batlle, Jordi"]
[Result "1/2-1/2"]
[WhiteElo "2301"]
[BlackElo "2151"]
[PlyCount "86"]
[EventDate "2017.07.13"]
[EventType "swiss"]
[EventRounds "9"]
[EventCountry "ESP"]
[SourceTitle "Ajedrez en Madrid"]
[Source "lmi"]
[SourceDate "2017.07.13"]
[SourceVersion "1"]
[SourceVersionDate "2019.06.21"]
[SourceQuality "1"]

1. d4 d5 2. c4 e6 3. Nc3 c6 4. e3 Nf6 5. Nf3 Nbd7 6. Qc2 Bd6 7. Be2 O-O 8. O-O
Re8 9. b3 b6 10. Bb2 Bb7 11. Rad1 Qc7 12. Rfe1 Rac8 13. e4 dxe4 14. Nxe4 Nxe4
15. Qxe4 Bb4 16. Rf1 Be7 17. Bd3 Nf8 18. Qg4 Bf6 19. Bc1 Rcd8 20. Be4 Be7 21.
Bc2 c5 22. dxc5 Bxc5 23. Bb2 Ng6 24. Ng5 Rxd1 25. Rxd1 Rd8 26. Qh5 Rxd1+ 27.
Bxd1 h6 28. Nh3 Qd8 29. Bc2 Qd2 30. Qd1 Qxd1+ 31. Bxd1 Nh4 32. Nf4 Bd6 33. Nh5
g6 34. Nf6+ Kf8 35. f3 Bc5+ 36. Kf1 Bd6 37. Ne4 Bxh2 38. Ba3+ Kg8 39. Nf6+ Kg7
40. Bb2 Kf8 41. Ba3+ Kg7 42. Bb2 Kf8 43. Ba3+ Kg7 1/2-1/2

[Event "19. Obert Int. Sant Marti 2017"]
[Site "Barcelona ESP"]
[Date "2017.07.18"]
[Round "6.25"]
[White "Frayna, Janelle Mae"]
[Black "Kathmale, Sameer"]
[Result "1/2-1/2"]
[WhiteElo "2235"]
[BlackElo "2294"]
[PlyCount "93"]
[EventDate "2017.07.13"]
[EventType "swiss"]
[EventRounds "9"]
[EventCountry "ESP"]
[SourceTitle "Ajedrez en Madrid"]
[Source "lmi"]
[SourceDate "2017.07.13"]
[SourceVersion "1"]
[SourceVersionDate "2019.06.21"]
[SourceQuality "1"]

1. e4 c6 2. d4 d5 3. e5 c5 4. dxc5 Nc6 5. Nf3 Bg4 6. a3 Qc7 7. Bf4 e6 8. b4 f6
9. Bb5 Nge7 10. Bg3 Nf5 11. Nbd2 Nxg3 12. fxg3 fxe5 13. h3 e4 14. hxg4 Qxg3+
15. Kf1 Be7 16. Rh3 Qf4 17. Kg1 Bf6 18. Rb1 exf3 19. Nxf3 O-O 20. Qd3 g6 21. g5
Bxg5 22. Re1 Rae8 23. c4 Rf5 24. cxd5 Rxd5 25. Qb3 Nd4 26. Nxd4 Qxd4+ 27. Kh1
Re7 28. Bc4 Re5 29. Rf1 Re4 30. Bb5 Rh4 31. Qg3 Rxh3+ 32. gxh3 Bf6 33. Qf3 Kg7
34. Rd1 Qb2 35. Bc4 e5 36. Bd5 b6 37. c6 Bg5 38. Qg2 Qxg2+ 39. Kxg2 e4 40. Re1
e3 41. Kf3 Kf6 42. Ke2 Ke5 43. Bf3 Kd6 44. Rd1+ Kc7 45. b5 Bf4 46. Rd3 Bd6 47.
a4 1/2-1/2

[Event "19. Obert Int. Sant Marti 2017"]
[Site "Barcelona ESP"]
[Date "2017.07.18"]
[Round "6.26"]
[White "Pinero Fernandez, Xavier"]
[Black "Miranda Llanes, Yerisbel"]
[Result "1/2-1/2"]
[WhiteElo "2233"]
[BlackElo "2285"]
[PlyCount "110"]
[EventDate "2017.07.13"]
[EventType "swiss"]
[EventRounds "9"]
[EventCountry "ESP"]
[SourceTitle "Ajedrez en Madrid"]
[Source "lmi"]
[SourceDate "2017.07.13"]
[SourceVersion "1"]
[SourceVersionDate "2019.06.21"]
[SourceQuality "1"]

1. d4 d5 2. Bf4 Nf6 3. e3 e6 4. Nf3 Nbd7 5. Bd3 Bd6 6. Ne5 Nf8 7. Nd2 Ng6 8.
Bg3 O-O 9. f4 c5 10. c3 Qb6 11. Rb1 Bd7 12. O-O Rad8 13. Ndc4 dxc4 14. Nxc4 Qc7
15. Nxd6 cxd4 16. exd4 Qxd6 17. f5 Qd5 18. fxg6 hxg6 19. Qe2 Bc6 20. Rbe1 Qxa2
21. Bh4 Qa5 22. Bxf6 gxf6 23. Rxf6 Qg5 24. Ref1 Bxg2 25. Qxg2 Qe3+ 26. Qf2 Qxd3
27. Rxf7 Qxf1+ 28. Qxf1 Rxf7 29. Qe2 Rf6 30. Qe5 Rdf8 31. d5 exd5 32. Qxd5+
R8f7 33. b4 Rf5 34. Qd2 Rf4 35. h3 a6 36. Qd8+ Kh7 37. Qc8 R4f6 38. c4 Rc6 39.
Qg4 Rcf6 40. Qh4+ Kg8 41. Qg4 Rf4 42. Qc8+ Kh7 43. Kg2 b5 44. c5 Rxb4 45. Qxa6
Rb2+ 46. Kg3 Rb3+ 47. Kg2 Rb2+ 48. Kg3 Rff2 49. Qb7+ Kh6 50. c6 Rfc2 51. Qc8
Rb3+ 52. Kf4 Rc4+ 53. Ke5 Rbc3 54. Qh8+ Kg5 55. Qf6+ Kh6 1/2-1/2

[Event "19. Obert Int. Sant Marti 2017"]
[Site "Barcelona ESP"]
[Date "2017.07.18"]
[Round "6.27"]
[White "Kyrkjebo, Erlend"]
[Black "Buchenau, Frank"]
[Result "0-1"]
[WhiteElo "2085"]
[BlackElo "2279"]
[PlyCount "74"]
[EventDate "2017.07.13"]
[EventType "swiss"]
[EventRounds "9"]
[EventCountry "ESP"]
[SourceTitle "Ajedrez en Madrid"]
[Source "lmi"]
[SourceDate "2017.07.13"]
[SourceVersion "1"]
[SourceVersionDate "2019.06.21"]
[SourceQuality "1"]

1. e4 e6 2. d4 d5 3. Nd2 Nc6 4. Ngf3 Nf6 5. e5 Nd7 6. Nb3 a5 7. a4 b6 8. c3 Be7
9. Qc2 Ba6 10. Bxa6 Rxa6 11. O-O O-O 12. Re1 Ra8 13. Bd2 Re8 14. Nc1 Na7 15. b4
axb4 16. cxb4 c5 17. Nd3 c4 18. Nf4 g5 19. Nh3 g4 20. Nfg5 Nf8 21. Ra3 Ng6 22.
Qd1 h5 23. f4 Nb5 24. Rg3 Nxd4 25. Nf2 Nf5 26. Ra3 Kg7 27. Nh1 b5 28. h3 Rxa4
29. Rxa4 bxa4 30. hxg4 hxg4 31. Qxg4 Bxg5 32. fxg5 Qb6+ 33. Kf1 Qd4 34. Qxd4
Nxd4 35. Ra1 Nb3 36. Ra2 Nxd2+ 37. Rxd2 Rb8 0-1

[Event "19. Obert Int. Sant Marti 2017"]
[Site "Barcelona ESP"]
[Date "2017.07.18"]
[Round "6.28"]
[White "Martinez, Ayelen"]
[Black "Aishwin, Daniel"]
[Result "0-1"]
[WhiteElo "2279"]
[BlackElo "2031"]
[PlyCount "78"]
[EventDate "2017.07.13"]
[EventType "swiss"]
[EventRounds "9"]
[EventCountry "ESP"]
[SourceTitle "Ajedrez en Madrid"]
[Source "lmi"]
[SourceDate "2017.07.13"]
[SourceVersion "1"]
[SourceVersionDate "2019.06.21"]
[SourceQuality "1"]

1. e4 e6 2. d4 d5 3. Nc3 Bb4 4. Nge2 Nc6 5. e5 Nge7 6. a3 Ba5 7. Ng3 O-O 8. Bb5
Bd7 9. Bxc6 Nxc6 10. Qg4 f5 11. Qf4 Bxc3+ 12. bxc3 Na5 13. O-O Ba4 14. Nh5 Be8
15. Nxg7 Kxg7 16. Qh6+ Kg8 17. Qxe6+ Rf7 18. Re1 Qd7 19. Qh6 Rg7 20. Re3 Rg6
21. Rg3 Qg7 22. Qh4 Bd7 23. Bg5 Be6 24. Rd1 Kf7 25. Bf6 Qg8 26. Rdd3 Ke8 27.
Rg5 Kd7 28. Rdg3 Kc6 29. Rxg6 hxg6 30. Qh6 Qf7 31. Rxg6 Rg8 32. Bg7 Kd7 33. f4
Nc4 34. h4 Qe7 35. Kf2 Nd2 36. h5 Qh4+ 37. Ke2 Ne4 38. Kd1 Qh1+ 39. Ke2 Qg1 0-1

[Event "19. Obert Int. Sant Marti 2017"]
[Site "Barcelona ESP"]
[Date "2017.07.18"]
[Round "6.29"]
[White "Sapale, Saloni"]
[Black "Larsson, Anders"]
[Result "1/2-1/2"]
[WhiteElo "2049"]
[BlackElo "2276"]
[PlyCount "63"]
[EventDate "2017.07.13"]
[EventType "swiss"]
[EventRounds "9"]
[EventCountry "ESP"]
[SourceTitle "Ajedrez en Madrid"]
[Source "lmi"]
[SourceDate "2017.07.13"]
[SourceVersion "1"]
[SourceVersionDate "2019.06.21"]
[SourceQuality "1"]

1. e4 e6 2. d4 d5 3. Nc3 Bb4 4. e5 b6 5. a3 Bxc3+ 6. bxc3 Qd7 7. Qg4 f5 8. Qg3
Ba6 9. Bxa6 Nxa6 10. Ne2 O-O-O 11. Qd3 Kb7 12. a4 c5 13. O-O h6 14. h4 c4 15.
Qg3 Qf7 16. a5 Ne7 17. axb6 axb6 18. Ba3 Nc8 19. h5 Rhg8 20. Nf4 Nb8 21. Rfb1
Nc6 22. Ra2 N6e7 23. Ng6 Nxg6 24. hxg6 Qc7 25. Qh4 Rge8 26. f4 Kc6 27. g4 fxg4
28. Qxg4 Qd7 29. Bc5 Qc7 30. Ba3 Qa7 31. Rba1 Qd7 32. Rb1 1/2-1/2

[Event "19. Obert Int. Sant Marti 2017"]
[Site "Barcelona ESP"]
[Date "2017.07.18"]
[Round "6.30"]
[White "Gonzalez Rodriguez, Jorge A."]
[Black "Molano Lafuente, Ismael"]
[Result "1-0"]
[WhiteElo "2274"]
[BlackElo "2004"]
[PlyCount "67"]
[EventDate "2017.07.13"]
[EventType "swiss"]
[EventRounds "9"]
[EventCountry "ESP"]
[SourceTitle "Ajedrez en Madrid"]
[Source "lmi"]
[SourceDate "2017.07.13"]
[SourceVersion "1"]
[SourceVersionDate "2019.06.21"]
[SourceQuality "1"]

1. c4 e5 2. Nc3 d6 3. g3 Nc6 4. Bg2 Be6 5. d3 Qd7 6. b4 g6 7. b5 Nd8 8. Rb1 Bg7
9. h3 Ne7 10. e4 O-O 11. Nge2 f5 12. exf5 Nxf5 13. Bg5 Nf7 14. Bd2 Nd8 15. Ne4
h6 16. O-O c5 17. bxc6 Nxc6 18. Kh2 Rf7 19. Bc3 Raf8 20. a4 b6 21. a5 Rb8 22.
Qa4 d5 23. cxd5 Bxd5 24. axb6 axb6 25. Qb5 Na7 26. Qxd5 Qxd5 27. Nf6+ Rxf6 28.
Bxd5+ Kf8 29. Bxe5 Re8 30. Bxf6 Rxe2 31. Bxg7+ Kxg7 32. Rxb6 Ne3 33. Rb7+ Kh8
34. Ra1 1-0

[Event "19. Obert Int. Sant Marti 2017"]
[Site "Barcelona ESP"]
[Date "2017.07.18"]
[Round "6.31"]
[White "Rakshitta, Ravi"]
[Black "Abhishek, Das"]
[Result "0-1"]
[WhiteElo "1974"]
[BlackElo "2274"]
[PlyCount "58"]
[EventDate "2017.07.13"]
[EventType "swiss"]
[EventRounds "9"]
[EventCountry "ESP"]
[SourceTitle "Ajedrez en Madrid"]
[Source "lmi"]
[SourceDate "2017.07.13"]
[SourceVersion "1"]
[SourceVersionDate "2019.06.21"]
[SourceQuality "1"]

1. e4 c5 2. Nf3 Nc6 3. Nc3 g6 4. d4 cxd4 5. Nxd4 Bg7 6. Be3 Nf6 7. Nb3 O-O 8.
Be2 d6 9. O-O Be6 10. f4 Na5 11. f5 Bc4 12. e5 Bxe2 13. Nxe2 Ng4 14. Bd4 dxe5
15. Bf2 Nc4 16. fxg6 hxg6 17. Rb1 Nxf2 18. Qxd8 Nh3+ 19. gxh3 Rfxd8 20. Nc3
Rac8 21. Rf3 Nxb2 22. Rxb2 e4 23. Rf1 Rxc3 24. h4 b6 25. Kg2 Bf6 26. Re1 Rcc8
27. Rbb1 Rxc2+ 28. Kh1 Rd3 29. Rxe4 Rh3 0-1

[Event "19. Obert Int. Sant Marti 2017"]
[Site "Barcelona ESP"]
[Date "2017.07.18"]
[Round "6.32"]
[White "Deshmukh, Anup"]
[Black "Dougas Chavarria, Nestor"]
[Result "1-0"]
[WhiteElo "2241"]
[BlackElo "1871"]
[PlyCount "93"]
[EventDate "2017.07.13"]
[EventType "swiss"]
[EventRounds "9"]
[EventCountry "ESP"]
[SourceTitle "Ajedrez en Madrid"]
[Source "lmi"]
[SourceDate "2017.07.13"]
[SourceVersion "1"]
[SourceVersionDate "2019.06.21"]
[SourceQuality "1"]

1. c4 c5 2. g3 g6 3. Bg2 Bg7 4. Nc3 Nc6 5. Nf3 e5 6. O-O Nge7 7. d3 O-O 8. a3
d6 9. Rb1 a5 10. e4 f5 11. Nd5 h6 12. Bd2 Nxd5 13. cxd5 Ne7 14. b4 b6 15. bxa5
bxa5 16. Qc2 g5 17. exf5 Bxf5 18. Rb7 Rb8 19. Rfb1 Rxb7 20. Rxb7 Bf6 21. Ne1
Qa8 22. Qb3 a4 23. Qb5 Bc8 24. Rb6 Nf5 25. Nc2 Bd8 26. Rb8 Qa6 27. Qxa6 Bxa6
28. Be4 Ne7 29. h4 gxh4 30. Bxh6 Re8 31. gxh4 Kf7 32. Bg5 Ba5 33. Rxe8 Kxe8 34.
h5 Kf7 35. Ne3 Bd2 36. Kg2 Bc8 37. h6 Ng6 38. h7 Nh8 39. Nc4 Bxg5 40. Nxd6+ Kg7
41. Nxc8 Nf7 42. d6 Bd8 43. Bd5 Ng5 44. Ne7 Nxh7 45. Nc6 Nf6 46. Nxd8 Nxd5 47.
Ne6+ 1-0

[Event "19. Obert Int. Sant Marti 2017"]
[Site "Barcelona ESP"]
[Date "2017.07.18"]
[Round "6.33"]
[White "Sumit, Kumar"]
[Black "Srijit, Paul"]
[Result "0-1"]
[WhiteElo "1975"]
[BlackElo "2247"]
[PlyCount "80"]
[EventDate "2017.07.13"]
[EventType "swiss"]
[EventRounds "9"]
[EventCountry "ESP"]
[SourceTitle "Ajedrez en Madrid"]
[Source "lmi"]
[SourceDate "2017.07.13"]
[SourceVersion "1"]
[SourceVersionDate "2019.06.21"]
[SourceQuality "1"]

1. e4 Nf6 2. e5 Nd5 3. d4 d6 4. c4 Nb6 5. f4 g6 6. Nc3 Bg7 7. Be3 O-O 8. Qd2
Be6 9. d5 Bf5 10. Nf3 N8d7 11. h3 Nc5 12. Bxc5 dxc5 13. g4 Bc8 14. O-O-O c6 15.
Qf2 cxd5 16. cxd5 c4 17. Qg3 Bd7 18. Ng5 Na4 19. Nge4 Nxc3 20. Qxc3 b5 21. Be2
Rb8 22. Kb1 Qc7 23. h4 f5 24. Ng3 fxg4 25. Qe3 Qb6 26. Qxb6 Rxb6 27. e6 Be8 28.
Rhf1 h5 29. Ne4 Bh6 30. d6 Bc6 31. Nc5 exd6 32. Rxd6 Re8 33. f5 gxf5 34. Rxf5
Be3 35. Ka1 g3 36. Nd7 Bxd7 37. exd7 Rd8 38. Re5 Rxd6 39. Re8+ Kg7 40. Rxe3 g2
0-1